000
00174 a2200097 4500
020
_a
9781426312601
041
_a
eng
100
_a
Tuchman,Gail
245
_a
Safari
942
_c
BK
999
_c
8221
_d
8221